| 000 | 01324nam a2200265 i 4500 | ||
|---|---|---|---|
| 001 | 18314 | ||
| 003 | DO-SdUEMH | ||
| 005 | 20260112154205.0 | ||
| 007 | ta | ||
| 008 | 260112s2009 sp a|||gr|||| 00| 0 spa d | ||
| 020 | _a9788496998018 | ||
| 040 |
_aDO-SdUEMH _bspa _erda |
||
| 041 | _aspa | ||
| 082 | 1 | 4 |
_aP666 _mCG |
| 100 | 1 | _eaut | |
| 245 |
_aEl Jardinero en la Empresa: _bcoaching para mejorar tus habilidades / _cCésar Piqueras |
||
| 264 | 1 |
_aBarcelona, España : _bBresca Editorial, S.L. _c2009 |
|
| 264 | 4 | _c©2009 | |
| 300 |
_a166 páginas : _bilustraciones ; _c21 cm. |
||
| 336 |
_2rdacontent _atexto _btxt |
||
| 337 |
_2rdamedia _asin mediación _bn |
||
| 338 |
_2rdacarrier _avolumen _bnc |
||
| 505 | 2 | _aCapítulo I: Punto de inflexión -- Capítulo II: Un regalo desde Italia -- Capítulo III: Llegada a Montepulciano -- Capítulo IV: Sobre el arte de la jardinería -- Capítulo V: Sobre el directivo coach -- Capítulo VI: Sobre la empatía -- Capítulo VII: Sobre la escucha -- Capítulo VIII: Sobre la importancia de experimentar -- Capítulo IX: Sobre la motivación -- Capítulo X: Sobre los planes de acción -- Capítulo XI: Sobre las habilidades del coach -- Capítulo XII: Sobre el reconocimiento -- Capítulo XIII: Sobre la autogestión -- Capítulo XIV: Sobre la contribución. | |
| 942 |
_2ddc _cBK _n0 |
||
| 999 |
_c18314 _d18314 |
||